000 00414nam a2200181Ia 4500
008 210210b1944 xxu||||| |||| 00| 0 eng d
041 _aeng
082 _a520/158
100 _aRAMACHANDRAN (G V)
245 _aText book of astronomy
260 _aTrichinopoly
_bNot Mentioned
_c1944
300 _a415
650 _aText
650 _abook
650 _aastronomy
690 _aAstronomy
906 _a008143
999 _c126014
_d126014